<?xml version="1.0" encoding="UTF-8"?>
<record
    xmlns:xsi="http://www.w3.org/2001/XMLSchema-instance"
    xsi:schemaLocation="http://www.loc.gov/MARC21/slim http://www.loc.gov/standards/marcxml/schema/MARC21slim.xsd"
    xmlns="http://www.loc.gov/MARC21/slim">

  <leader>00975na  a2200277   4500</leader>
  <controlfield tag="001">18179</controlfield>
  <controlfield tag="003">MIRAKIL</controlfield>
  <controlfield tag="005">20181213155053.0</controlfield>
  <controlfield tag="008">161114b        tu            000 0      </controlfield>
  <datafield tag="020" ind1=" " ind2=" ">
    <subfield code="a">9759232537</subfield>
  </datafield>
  <datafield tag="035" ind1=" " ind2=" ">
    <subfield code="a">18179</subfield>
  </datafield>
  <datafield tag="040" ind1=" " ind2=" ">
    <subfield code="a">Milas</subfield>
    <subfield code="b">tur</subfield>
    <subfield code="c">TR-AnCHP</subfield>
  </datafield>
  <datafield tag="041" ind1=" " ind2=" ">
    <subfield code="a">tur</subfield>
  </datafield>
  <datafield tag="082" ind1=" " ind2=" ">
    <subfield code="a">303.4833</subfield>
    <subfield code="b">R22r 2002</subfield>
  </datafield>
  <datafield tag="090" ind1=" " ind2=" ">
    <subfield code="a">303.4833 R22r 2002</subfield>
  </datafield>
  <datafield tag="111" ind1=" " ind2=" ">
    <subfield code="a">Radyo ve Televizyonlarda &#x15E;iddet ve &#x130;ntihar Haberlerinin Sunumunun Toplum &#xDC;zerindeki Etkileri Sempozyumu</subfield>
    <subfield code="c">Ankara</subfield>
    <subfield code="d">2002</subfield>
  </datafield>
  <datafield tag="245" ind1=" " ind2=" ">
    <subfield code="a">Radyo ve televizyonlarda &#x15F;iddet ve intihar haberlerinin sunumunun toplum &#xFC;zerindeki etkileri sempozyumu</subfield>
    <subfield code="c">Radyo ve Televizyon &#xDC;st Kurulu (RT&#xDC;K)</subfield>
  </datafield>
  <datafield tag="260" ind1=" " ind2=" ">
    <subfield code="a">Ankara</subfield>
    <subfield code="b">Radyo ve Televizyon &#xDC;st Kurulu (RT&#xDC;K)</subfield>
    <subfield code="c">2002</subfield>
  </datafield>
  <datafield tag="300" ind1=" " ind2=" ">
    <subfield code="a">138 s.</subfield>
    <subfield code="c">24 sm.</subfield>
  </datafield>
  <datafield tag="490" ind1=" " ind2=" ">
    <subfield code="a">RT&#xDC;K</subfield>
    <subfield code="v">6</subfield>
  </datafield>
  <datafield tag="650" ind1=" " ind2=" ">
    <subfield code="a">Toplumsal de&#x11F;i&#x15F;im </subfield>
    <subfield code="x">&#x130;leti&#x15F;im</subfield>
  </datafield>
  <datafield tag="650" ind1=" " ind2=" ">
    <subfield code="a">&#x15E;iddet</subfield>
    <subfield code="x">Haberler</subfield>
  </datafield>
  <datafield tag="650" ind1=" " ind2=" ">
    <subfield code="a">&#x130;ntihar</subfield>
    <subfield code="x">Haberler</subfield>
  </datafield>
  <datafield tag="710" ind1=" " ind2=" ">
    <subfield code="a">Radyo ve Televizyon &#xDC;st Kurulu (RT&#xDC;K)</subfield>
  </datafield>
  <datafield tag="942" ind1=" " ind2=" ">
    <subfield code="2">ddc</subfield>
    <subfield code="c">BKS</subfield>
  </datafield>
  <datafield tag="952" ind1=" " ind2=" ">
    <subfield code="a">0001</subfield>
    <subfield code="b">0001</subfield>
    <subfield code="d">2016-11-14</subfield>
    <subfield code="e">2</subfield>
    <subfield code="l">0</subfield>
    <subfield code="o">303.4833 R22r 2002</subfield>
    <subfield code="p">008635</subfield>
    <subfield code="r">2016-11-14 00:00:00</subfield>
    <subfield code="v">0.00</subfield>
    <subfield code="w">2016-11-14</subfield>
    <subfield code="y">BKS</subfield>
  </datafield>
  <datafield tag="999" ind1=" " ind2=" ">
    <subfield code="c">6013</subfield>
    <subfield code="d">6013</subfield>
  </datafield>
</record>
